| 000 | 00000nam 2200000zi 4500 |
| 001 | 9.955129 |
| 003 | CaOODSP |
| 005 | 20251024110438 |
| 006 | m o d f |
| 007 | cr mn||||||||| |
| 008 | 230911e202510##quc ob f000 0 eng d |
| 020 | |a9780660789088 |
| 040 | |aCaOODSP|beng|erda|cCaOODSP |
| 043 | |an-cn--- |
| 086 | 1 |aEn84-294/2025E-PDF |
| 245 | 00|aEmission factors and reference values. |
| 246 | 17|aEmission factors and reference values, version 3.0 |
| 250 | |aVersion 3.0. |
| 264 | 1|aGatineau, Quebec : |bEnvironment and Climate Change Canada = Environnement et changement climatique Canada, |cOctober 2025. |
| 264 | 4|c©2025 |
| 300 | |a1 online resource (iv, 18 pages) |
| 336 | |atext|btxt|2rdacontent |
| 337 | |acomputer|bc|2rdamedia |
| 338 | |aonline resource|bcr|2rdacarrier |
| 500 | |aIssued also in French under title: Coefficients d'émission et valeurs de référence. |
| 500 | |aTitle from cover. |
| 500 | |a"Canada's greenhouse gas offset credit system." |
| 500 | |a"EC25061"--Page [ii]. |
| 504 | |aIncludes bibliographical references. |
| 650 | 0|aCarbon offsetting|zCanada. |
| 650 | 0|aGreenhouse gas mitigation|zCanada. |
| 710 | 1 |aCanada. |bEnvironment and Climate Change Canada, |eissuing body. |
| 775 | 08|tCoefficients d'émission et valeurs de référence.|w(CaOODSP)9.955130 |
| 795 | |tEmission factors and reference values.|bVersion 2.0.|w(CaOODSP)9.935269 |
| 856 | 40|qPDF|s422 KB|uhttps://publications.gc.ca/collections/collection_2025/eccc/En84-294-2025-eng.pdf |
| 986 | |aEC25061 |